000 01054nam a22002537a 4500
005 20240321075757.0
008 240321b |||||||| |||| 00| 0 eng d
020 _a0521309360
040 _aDLC
_cKMU
_dKMU
_erda
050 0 0 _aSF 84.84
111 2 _aInternational Rangeland Congress
_n(2nd :
_d1984 :
_cAdelaide, S.A.)
245 1 0 _aRangelands :
_ba resource under siege : proceedings of the Second International Rangeland Congress /
_ceditors, P.J. Joss, P.W. Lynch, O.B. Williams.
260 _aCambridge [Cambridgeshire] ;
_aNew York :
_bCambridge University Press,
_c1986.
300 _axv, 634 p. :
_bill. ;
_c26 cm.
504 _aIncludes bibliographies and index.
650 0 _aRangelands
_vCongresses.
700 1 _aJoss, P. J.
700 1 _aLynch, P. W.
700 1 _aWilliams, O. B.
856 4 2 _3Publisher description
_uhttp://www.loc.gov/catdir/description/cam031/86020774.html
856 4 1 _3Table of contents
_uhttp://www.loc.gov/catdir/toc/cam031/86020774.html
906 _a7
_bcbc
_corignew
_d1
_eocip
_f19
_gy-gencatlg
942 _2lcc
_cBK
_n0
999 _c1054
_d1054